Normal view MARC view
  • İdil-Ural Tarihi Sempozyumu

Entry Meeting Name

Number of records used in: 1

001 - CONTROL NUMBER

  • control field: 152506

003 - CONTROL NUMBER IDENTIFIER

  • control field: DLC

005 - DATE AND TIME OF LATEST TRANSACTION

  • control field: 20260212140759.0

008 - FIXED-LENGTH DATA ELEMENTS

  • fixed length control field: 161217n| azannaabn |a ana

010 ## - LIBRARY OF CONGRESS CONTROL NUMBER

  • LC control number: n 2016068479

040 ## - CATALOGING SOURCE

  • Original cataloging agency: DLC
  • Language of cataloging: eng
  • Description conventions: rda
  • Transcribing agency: DLC
  • Modifying agency: DLC

046 ## - SPECIAL CODED DATES

  • Start period: 2011-10-10
  • End period: 2011-10-12
  • Source of date scheme: edtf

111 2# - HEADING--MEETING NAME

  • Meeting name or jurisdiction name as entry element: İdil-Ural Tarihi Sempozyumu
  • Date of meeting: (2011 :
  • Location of meeting: Ankara, Turkey)

411 2# - SEE FROM TRACING--MEETING NAME

  • Meeting name or jurisdiction name as entry element: Mezhdunarodnai︠a︡ nauchnai︠a︡ konferent︠s︡ii︠a︡ "Istorii︠a︡ Volgo-Uralʹskogo regiona"
  • Date of meeting: (2011 :
  • Location of meeting: Ankara, Turkey)

411 2# - SEE FROM TRACING--MEETING NAME

  • Meeting name or jurisdiction name as entry element: Международная научная конференция "История Волго-Уральского региона"
  • Date of meeting: (2011 :
  • Location of meeting: Ankara, Turkey)

670 ## - SOURCE DATA FOUND

  • Source citation: İdil-Ural Tarihi Sempozyumu (Ankara, 10-12 Ekim 2011), 2015:
  • Information found: title page (İdil-Ural Tarihi Sempozyumu; Материалы международной научной конференции "История Волго-Уральского региона" = Materialy mezhdunarodnoĭ nauchnoĭ konferent︠s︡ii "Istorii︠a︡ Volgo-Uralʹskogo regiona")
Devinim Yazılım Eğitim Danışmanlık tarafından Koha'nın orjinal sürümü uyarlanarak geliştirilip kurulmuştur.